[Event "Deutsche Ländermeisterschaft 2021"]
[Site "Neumünster GER"]
[Date "2021.10.06"]
[Round "7"]
[White "Holinka, Henning"]
[Black "Stelmaszyk, Nico"]
[Result "1-0"]
[Termination "normal"]
[Board "5.1"]
[BlackTitle "FM"]
[WhiteElo "2244"]
[BlackElo "2311"]
[WhiteClock "00:03:40"]
[BlackClock "00:03:58"]
[WhiteTeam "Hamburg"]
[BlackTeam "Niedersachsen"]
[PlyCount "169"]
[WhiteFideId "12967084"]
[BlackFideId "16200462"]
[EventCountry "GER"]
[EventRounds "7"]
[EventType "team-swiss"]
[EventDate "2021.10.01"]

1. e4 {[%clk 1:30:57]} c5 {[%clk 1:30:56]} 2. Be2 {[%clk 1:31:05]} Nc6 {[%clk
1:29:22]} 3. d3 {[%clk 1:29:16]} g6 {[%clk 1:27:06]} 4. f4 {[%clk 1:28:30]} Bg7
{[%clk 1:26:29]} 5. Nf3 {[%clk 1:28:03]} e6 {[%clk 1:26:21]} 6. O-O {[%clk
1:25:57]} Nge7 {[%clk 1:26:03]} 7. Qe1 {[%clk 1:23:14]} Nd4 {[%clk 1:25:29]} 8.
Na3 {[%clk 1:17:06]} O-O {[%clk 1:21:51]} 9. c3 {[%clk 1:14:58]} Nxf3+ {[%clk
1:15:49]} 10. Rxf3 {[%clk 1:10:35]} d5 {[%clk 1:10:10]} 11. g4 {[%clk 1:00:47]}
f5 {[%clk 0:43:26]} 12. gxf5 {[%clk 0:55:18]} exf5 {[%clk 0:43:46]} 13. e5
{[%clk 0:53:07]} Bd7 {[%clk 0:42:55]} 14. Be3 {[%clk 0:45:10]} Qc7 {[%clk
0:38:55]} 15. b4 {[%clk 0:33:05]} b6 {[%clk 0:36:55]} 16. d4 {[%clk 0:25:40]}
c4 {[%clk 0:36:36]} 17. Qh4 {[%clk 0:22:28]} Be8 {[%clk 0:32:54]} 18. Rh3
{[%clk 0:16:04]} h6 {[%clk 0:32:45]} 19. Bc1 {[%clk 0:10:48]} Ba4 {[%clk
0:29:18]} 20. Qe1 {[%clk 0:09:13]} a5 {[%clk 0:21:33]} 21. Rb1 {[%clk 0:07:44]}
axb4 {[%clk 0:19:12]} 22. Rxb4 {[%clk 0:07:46]} Rfb8 {[%clk 0:19:24]} 23. Rg3
{[%clk 0:05:59]} Be8 {[%clk 0:19:08]} 24. h4 {[%clk 0:05:05]} Ra5 {[%clk
0:16:17]} 25. Bb2 {[%clk 0:01:49]} b5 {[%clk 0:15:10]} 26. Bc1 {[%clk 0:01:43]}
Rba8 {[%clk 0:14:34]} 27. Nc2 {[%clk 0:01:46]} Rxa2 {[%clk 0:14:30]} 28. Rb2
{[%clk 0:01:47]} Nc6 {[%clk 0:13:23]} 29. Ne3 {[%clk 0:01:42]} Qd8 {[%clk
0:11:54]} 30. Rxb5 {[%clk 0:00:39]} Qxh4 {[%clk 0:12:01]} 31. Nxf5 {[%clk
0:00:45]} Rxe2 {[%clk 0:10:47]} 32. Qxe2 {[%clk 0:00:46]} gxf5 {[%clk 0:11:15]}
33. Qg2 {[%clk 0:00:52]} Ra7 {[%clk 0:10:17]} 34. Rxd5 {[%clk 0:00:46]} Kh8
{[%clk 0:09:41]} 35. Qh2 {[%clk 0:00:51]} Qe7 {[%clk 0:08:45]} 36. Rd6 {[%clk
0:01:07]} h5 {[%clk 0:08:39]} 37. Bd2 {[%clk 0:01:12]} Qb7 {[%clk 0:07:55]} 38.
Qg2 {[%clk 0:00:50]} Ra2 {[%clk 0:02:45]} 39. Re6 {[%clk 0:00:57]} Qf7 {[%clk
0:01:12]} 40. Rd6 {[%clk 0:00:46]} Ne7 {[%clk 0:00:43]} 41. Rd8 {[%clk
0:21:53]} Bh6 {[%clk 0:21:53]} 42. e6 {[%clk 0:12:28]} Qf8 {[%clk 0:21:41]} 43.
d5 {[%clk 0:04:16]} Kh7 {[%clk 0:07:07]} 44. d6 {[%clk 0:04:21]} Nc6 {[%clk
0:07:26]} 45. e7 {[%clk 0:01:59]} Nxe7 {[%clk 0:03:21]} 46. d7 {[%clk 0:02:01]}
Bxd7 {[%clk 0:03:36]} 47. Rxf8 {[%clk 0:02:23]} Bxf8 {[%clk 0:04:03]} 48. Qe2
{[%clk 0:02:12]} Kh6 {[%clk 0:03:31]} 49. Qe5 {[%clk 0:02:00]} Ng6 {[%clk
0:03:38]} 50. Qf6 {[%clk 0:02:10]} Bc5+ {[%clk 0:03:37]} 51. Kf1 {[%clk
0:02:25]} Be8 {[%clk 0:03:57]} 52. Ke2 {[%clk 0:01:38]} h4 {[%clk 0:03:45]} 53.
Rg5 {[%clk 0:01:17]} Kh7 {[%clk 0:03:53]} 54. Rh5+ {[%clk 0:01:05]} Kg8 {[%clk
0:04:22]} 55. Rxf5 {[%clk 0:01:04]} Be7 {[%clk 0:04:05]} 56. Qe6+ {[%clk
0:01:10]} Kg7 {[%clk 0:04:30]} 57. Qxc4 {[%clk 0:01:16]} Ra4 {[%clk 0:04:43]}
58. Qc8 {[%clk 0:00:58]} Bf7 {[%clk 0:05:04]} 59. Qc6 {[%clk 0:00:47]} Ra1
{[%clk 0:04:02]} 60. Be3 {[%clk 0:00:55]} h3 {[%clk 0:04:11]} 61. Bd4+ {[%clk
0:01:05]} Kg8 {[%clk 0:04:39]} 62. Qc8+ {[%clk 0:01:20]} Bf8 {[%clk 0:05:02]}
63. Rxf7 {[%clk 0:01:25]} Kxf7 {[%clk 0:05:27]} 64. Qf5+ {[%clk 0:01:36]} Ke7
{[%clk 0:05:44]} 65. Bc5+ {[%clk 0:01:23]} Kd8 {[%clk 0:06:12]} 66. Bb6+ {[%clk
0:01:43]} Ke7 {[%clk 0:06:36]} 67. Qg5+ {[%clk 0:01:25]} Kd7 {[%clk 0:06:41]}
68. Bg1 {[%clk 0:01:29]} Ra2+ {[%clk 0:04:29]} 69. Kd3 {[%clk 0:01:47]} Rg2
{[%clk 0:04:53]} 70. Qf5+ {[%clk 0:01:49]} Ke8 {[%clk 0:05:06]} 71. Qe4+ {[%clk
0:02:02]} Kf7 {[%clk 0:03:10]} 72. Be3 {[%clk 0:02:16]} Ne7 {[%clk 0:02:48]}
73. Qh7+ {[%clk 0:02:30]} Bg7 {[%clk 0:03:11]} 74. Qh5+ {[%clk 0:02:46]} Kg8
{[%clk 0:03:06]} 75. Qxh3 {[%clk 0:03:04]} Rg6 {[%clk 0:03:27]} 76. Qd7 {[%clk
0:02:56]} Nc6 {[%clk 0:02:42]} 77. Bd4 {[%clk 0:01:53]} Nxd4 {[%clk 0:02:34]}
78. cxd4 {[%clk 0:02:10]} Rg1 {[%clk 0:02:35]} 79. d5 {[%clk 0:02:09]} Rd1+
{[%clk 0:02:55]} 80. Ke4 {[%clk 0:02:30]} Re1+ {[%clk 0:02:56]} 81. Kf5 {[%clk
0:02:55]} Kf8 {[%clk 0:03:11]} 82. d6 {[%clk 0:03:07]} Re2 {[%clk 0:03:19]} 83.
Qc8+ {[%clk 0:03:21]} Re8 {[%clk 0:03:41]} 84. d7 {[%clk 0:03:40]} Kf7 {[%clk
0:03:58]} 85. dxe8=Q# 1-0

[Event "Deutsche Ländermeisterschaft 2021"]
[Site "Neumünster GER"]
[Date "2021.10.06"]
[Round "7"]
[White "Hommer, Jeremy"]
[Black "Weihrauch, Jakob"]
[Result "1/2-1/2"]
[Termination "normal"]
[Board "5.2"]
[WhiteElo "2278"]
[BlackElo "2114"]
[WhiteClock "00:00:57"]
[BlackClock "00:27:39"]
[WhiteTeam "Niedersachsen"]
[BlackTeam "Hamburg"]
[PlyCount "84"]
[WhiteFideId "12992577"]
[BlackFideId "16210115"]
[EventCountry "GER"]
[EventRounds "7"]
[EventType "team-swiss"]
[EventDate "2021.10.01"]

1. d4 {[%clk 1:30:55]} Nf6 {[%clk 1:30:54]} 2. Bf4 {[%clk 1:31:19]} d5 {[%clk
1:31:13]} 3. e3 {[%clk 1:31:42]} c5 {[%clk 1:31:34]} 4. c3 {[%clk 1:32:06]} Nc6
{[%clk 1:30:53]} 5. Nd2 {[%clk 1:32:02]} Qb6 {[%clk 1:30:59]} 6. Qb3 {[%clk
1:29:59]} c4 {[%clk 1:31:18]} 7. Qc2 {[%clk 1:30:01]} g6 {[%clk 1:25:34]} 8. e4
{[%clk 1:29:30]} dxe4 {[%clk 1:24:59]} 9. Bxc4 {[%clk 1:19:46]} Na5 {[%clk
1:23:39]} 10. Ne2 {[%clk 1:14:37]} Bg7 {[%clk 1:04:40]} 11. O-O {[%clk
1:08:49]} Qc6 {[%clk 0:58:16]} 12. Bb3 {[%clk 1:04:42]} Nxb3 {[%clk 0:58:03]}
13. axb3 {[%clk 1:03:04]} b6 {[%clk 0:50:47]} 14. c4 {[%clk 0:42:37]} Bb7
{[%clk 0:49:11]} 15. Nc3 {[%clk 0:39:45]} e3 {[%clk 0:41:58]} 16. Nf3 {[%clk
0:35:24]} exf2+ {[%clk 0:41:43]} 17. Rxf2 {[%clk 0:35:32]} O-O {[%clk 0:39:00]}
18. Ne5 {[%clk 0:28:57]} Qc8 {[%clk 0:38:02]} 19. Rd1 {[%clk 0:26:05]} Ng4
{[%clk 0:30:34]} 20. Rfd2 {[%clk 0:18:17]} Rd8 {[%clk 0:22:00]} 21. h3 {[%clk
0:14:48]} Nxe5 {[%clk 0:19:19]} 22. dxe5 {[%clk 0:14:21]} Qc5+ {[%clk 0:19:26]}
23. Kh1 {[%clk 0:14:12]} Rxd2 {[%clk 0:19:06]} 24. Rxd2 {[%clk 0:11:58]} Bxe5
{[%clk 0:17:17]} 25. b4 {[%clk 0:11:49]} Qc7 {[%clk 0:17:32]} 26. Nb5 {[%clk
0:09:44]} Qb8 {[%clk 0:17:52]} 27. Bh6 {[%clk 0:08:39]} a6 {[%clk 0:16:19]} 28.
Nc3 {[%clk 0:08:52]} Bf4 {[%clk 0:14:04]} 29. Bxf4 {[%clk 0:08:02]} Qxf4 {[%clk
0:14:33]} 30. Qd3 {[%clk 0:08:25]} Rc8 {[%clk 0:11:22]} 31. b3 {[%clk 0:08:54]}
Qf6 {[%clk 0:09:09]} 32. Na4 {[%clk 0:08:02]} Rc6 {[%clk 0:06:36]} 33. c5
{[%clk 0:06:49]} Re6 {[%clk 0:06:12]} 34. Qd8+ {[%clk 0:04:27]} Kg7 {[%clk
0:06:41]} 35. Qd4 {[%clk 0:04:41]} Re1+ {[%clk 0:07:01]} 36. Kh2 {[%clk
0:05:04]} e5 {[%clk 0:07:16]} 37. Qf2 {[%clk 0:05:03]} Qxf2 {[%clk 0:05:47]}
38. Rxf2 {[%clk 0:05:32]} b5 {[%clk 0:05:31]} 39. Nb6 {[%clk 0:05:17]} Rd1
{[%clk 0:02:22]} 40. Rc2 {[%clk 0:03:55]} Bc6 {[%clk 0:02:46]} 41. Nc8 {[%clk
0:03:29]} Rd7 {[%clk 0:02:42]} 42. Ra2 {[%clk 0:00:57]} Rc7 {[%clk 0:27:39]}
1/2-1/2

[Event "Deutsche Ländermeisterschaft 2021"]
[Site "Neumünster GER"]
[Date "2021.10.06"]
[Round "7"]
[White "Popist, Florian"]
[Black "Knüdel, Torben"]
[Result "0-1"]
[Termination "normal"]
[Board "5.3"]
[WhiteElo "2124"]
[BlackElo "2191"]
[WhiteClock "00:06:42"]
[BlackClock "00:01:00"]
[WhiteTeam "Hamburg"]
[BlackTeam "Niedersachsen"]
[PlyCount "80"]
[WhiteFideId "16203518"]
[BlackFideId "16208820"]
[EventCountry "GER"]
[EventRounds "7"]
[EventType "team-swiss"]
[EventDate "2021.10.01"]

1. e4 {[%clk 1:30:55]} e5 {[%clk 1:30:55]} 2. Nf3 {[%clk 1:31:21]} Nc6 {[%clk
1:31:19]} 3. d4 {[%clk 1:31:46]} exd4 {[%clk 1:31:43]} 4. Nxd4 {[%clk 1:32:11]}
Bc5 {[%clk 1:31:55]} 5. Nb3 {[%clk 1:32:01]} Bb6 {[%clk 1:32:17]} 6. Nc3 {[%clk
1:32:13]} Qf6 {[%clk 1:30:05]} 7. Qe2 {[%clk 1:31:25]} Nge7 {[%clk 1:29:19]} 8.
Be3 {[%clk 1:31:08]} O-O {[%clk 1:16:36]} 9. O-O-O {[%clk 1:30:47]} d6 {[%clk
1:09:24]} 10. h3 {[%clk 1:30:48]} Be6 {[%clk 1:03:12]} 11. f4 {[%clk 1:31:04]}
a5 {[%clk 0:57:27]} 12. Bxb6 {[%clk 1:25:47]} cxb6 {[%clk 0:57:50]} 13. f5
{[%clk 1:23:38]} Bxb3 {[%clk 0:56:39]} 14. cxb3 Nb4 {[%clk 0:51:37]} 15. Kb1
{[%clk 1:13:20]} d5 {[%clk 0:47:59]} 16. g4 {[%clk 1:12:04]} d4 {[%clk
0:34:49]} 17. e5 {[%clk 1:06:30]} Qc6 {[%clk 0:35:02]} 18. Bg2 {[%clk 1:06:46]}
dxc3 {[%clk 0:35:17]} 19. Bxc6 {[%clk 1:07:02]} c2+ {[%clk 0:35:43]} 20. Ka1
{[%clk 1:07:20]} cxd1=Q+ {[%clk 0:36:01]} 21. Rxd1 {[%clk 1:07:41]} Nexc6
{[%clk 0:32:32]} 22. a3 {[%clk 1:00:32]} Na6 {[%clk 0:32:41]} 23. Qe3 {[%clk
0:58:10]} Rfd8 {[%clk 0:30:23]} 24. Re1 {[%clk 0:40:55]} Nd4 {[%clk 0:25:48]}
25. Kb1 {[%clk 0:40:54]} Nc5 {[%clk 0:23:22]} 26. f6 {[%clk 0:37:22]} Nce6
{[%clk 0:21:22]} 27. fxg7 {[%clk 0:34:15]} Rac8 {[%clk 0:21:10]} 28. Rf1 {[%clk
0:33:37]} Rd7 {[%clk 0:19:23]} 29. h4 {[%clk 0:33:21]} b5 {[%clk 0:16:40]} 30.
Rd1 {[%clk 0:25:20]} a4 {[%clk 0:15:34]} 31. bxa4 {[%clk 0:25:30]} bxa4 {[%clk
0:15:55]} 32. h5 {[%clk 0:24:19]} b5 {[%clk 0:10:46]} 33. g5 {[%clk 0:17:37]}
Nc2 {[%clk 0:10:28]} 34. Qe2 {[%clk 0:13:14]} Rxd1+ {[%clk 0:10:10]} 35. Qxd1
{[%clk 0:13:41]} Ncd4 {[%clk 0:10:15]} 36. Ka2 {[%clk 0:06:17]} b4 {[%clk
0:01:00]} 37. axb4 {[%clk 0:06:42]} Nb3 {[%clk 0:01:00]} 38. Qd7 {[%clk
0:06:42]} Rc1 {[%clk 0:01:00]} 39. Qxa4 {[%clk 0:06:42]} Ra1+ {[%clk 0:01:00]}
40. Kxb3 {[%clk 0:06:42]} Nd4+ {[%clk 0:01:00]} 0-1

[Event "Deutsche Ländermeisterschaft 2021"]
[Site "Neumünster GER"]
[Date "2021.10.06"]
[Round "7"]
[White "Fuhrmann, Bahne"]
[Black "Nizamova, Rita"]
[Result "1-0"]
[Termination "normal"]
[Board "5.5"]
[WhiteElo "1820"]
[BlackElo "1715"]
[WhiteClock "00:09:53"]
[BlackClock "00:00:33"]
[WhiteTeam "Hamburg"]
[BlackTeam "Niedersachsen"]
[PlyCount "79"]
[WhiteFideId "16244842"]
[BlackFideId "16221940"]
[EventCountry "GER"]
[EventRounds "7"]
[EventType "team-swiss"]
[EventDate "2021.10.01"]

1. e4 {[%clk 1:30:57]} c5 {[%clk 1:30:57]} 2. Nf3 {[%clk 1:31:10]} Nc6 {[%clk
1:31:22]} 3. d4 {[%clk 1:30:51]} cxd4 {[%clk 1:31:46]} 4. Nxd4 {[%clk 1:31:14]}
e5 {[%clk 1:32:12]} 5. Nb5 {[%clk 1:30:55]} a6 {[%clk 1:32:32]} 6. N5c3 {[%clk
1:27:09]} Bc5 {[%clk 1:28:09]} 7. Bc4 {[%clk 1:25:25]} Nge7 {[%clk 1:26:21]} 8.
a4 {[%clk 1:20:55]} O-O {[%clk 1:21:49]} 9. O-O {[%clk 1:15:58]} d6 {[%clk
1:20:33]} 10. Nd5 {[%clk 1:11:04]} Nxd5 {[%clk 1:15:56]} 11. Bxd5 {[%clk
1:08:10]} Be6 {[%clk 1:15:33]} 12. c3 {[%clk 1:01:56]} Rc8 {[%clk 1:12:56]} 13.
b4 {[%clk 1:00:19]} Bb6 {[%clk 1:13:24]} 14. Ba3 {[%clk 0:57:03]} Bc7 {[%clk
1:05:30]} 15. b5 {[%clk 0:56:41]} axb5 {[%clk 1:05:56]} 16. axb5 {[%clk
0:56:54]} Na5 {[%clk 1:06:20]} 17. Bb4 {[%clk 0:53:53]} b6 {[%clk 1:05:52]} 18.
Na3 {[%clk 0:50:17]} Bb8 {[%clk 0:57:49]} 19. Qd3 {[%clk 0:41:13]} Qc7 {[%clk
0:50:59]} 20. Rfd1 {[%clk 0:37:16]} Rfd8 {[%clk 0:51:04]} 21. g3 {[%clk
0:32:54]} Nb3 {[%clk 0:40:38]} 22. Ra2 {[%clk 0:30:11]} Nc5 {[%clk 0:38:57]}
23. Qe3 {[%clk 0:30:03]} Bxd5 {[%clk 0:27:55]} 24. Rxd5 {[%clk 0:30:17]} Qa7
{[%clk 0:11:06]} 25. Rad2 {[%clk 0:25:51]} Bc7 {[%clk 0:07:39]} 26. h4 {[%clk
0:25:19]} Qa4 {[%clk 0:03:15]} 27. h5 {[%clk 0:24:28]} h6 {[%clk 0:02:44]} 28.
Rb2 {[%clk 0:23:37]} Ne6 {[%clk 0:02:30]} 29. f4 {[%clk 0:22:08]} Ra8 {[%clk
0:01:11]} 30. Kg2 {[%clk 0:20:17]} exf4 {[%clk 0:01:09]} 31. gxf4 {[%clk
0:20:15]} Qa7 {[%clk 0:01:03]} 32. Kh2 {[%clk 0:16:40]} Qb7 {[%clk 0:00:45]}
33. Nc2 {[%clk 0:16:17]} Qc8 {[%clk 0:00:52]} 34. f5 {[%clk 0:13:16]} Ng5
{[%clk 0:01:21]} 35. Nd4 {[%clk 0:13:08]} Nh7 {[%clk 0:01:32]} 36. Nc6 {[%clk
0:11:02]} Nf6 {[%clk 0:00:49]} 37. Rg2 {[%clk 0:10:26]} Nxd5 {[%clk 0:00:38]}
38. Qxh6 {[%clk 0:10:04]} g6 {[%clk 0:00:42]} 39. f6 {[%clk 0:09:53]} Nxf6
{[%clk 0:00:33]} 40. Ne7# 1-0

[Event "Deutsche Ländermeisterschaft 2021"]
[Site "Neumünster GER"]
[Date "2021.10.06"]
[Round "7"]
[White "Sauer, Tim"]
[Black "Wartenberg, Alissa"]
[Result "1-0"]
[Termination "normal"]
[Board "5.6"]
[WhiteElo "1703"]
[BlackElo "1662"]
[WhiteClock "00:03:33"]
[BlackClock "00:07:06"]
[WhiteTeam "Niedersachsen"]
[BlackTeam "Hamburg"]
[PlyCount "105"]
[WhiteFideId "16265726"]
[BlackFideId "16280741"]
[EventCountry "GER"]
[EventRounds "7"]
[EventType "team-swiss"]
[EventDate "2021.10.01"]

1. e4 {[%clk 1:30:58]} e5 {[%clk 1:30:57]} 2. Nf3 {[%clk 1:31:24]} Nc6 {[%clk
1:31:22]} 3. d4 {[%clk 1:31:48]} exd4 {[%clk 1:31:49]} 4. Nxd4 {[%clk 1:32:16]}
Bc5 {[%clk 1:32:00]} 5. Nf5 {[%clk 1:32:30]} Qf6 {[%clk 1:25:05]} 6. Nc3 {[%clk
1:31:44]} Nge7 {[%clk 1:22:22]} 7. Ne3 {[%clk 1:32:08]} O-O {[%clk 1:20:45]} 8.
Be2 {[%clk 1:32:13]} b6 {[%clk 1:09:59]} 9. O-O {[%clk 1:32:26]} Ne5 {[%clk
1:05:59]} 10. Kh1 {[%clk 1:32:23]} d6 {[%clk 1:03:17]} 11. f4 {[%clk 1:31:26]}
N5c6 {[%clk 1:00:59]} 12. Qe1 {[%clk 1:28:40]} Bb7 {[%clk 0:55:36]} 13. Ng4
{[%clk 1:20:44]} Qe6 {[%clk 0:54:44]} 14. f5 {[%clk 1:20:50]} Qc8 {[%clk
0:54:55]} 15. f6 {[%clk 1:20:21]} Ng6 {[%clk 0:54:12]} 16. fxg7 {[%clk
1:19:59]} Kxg7 {[%clk 0:51:06]} 17. Bh6+ {[%clk 1:20:07]} Kg8 {[%clk 0:51:33]}
18. h4 {[%clk 1:08:10]} Bd4 {[%clk 0:45:51]} 19. h5 {[%clk 0:55:15]} Nge7
{[%clk 0:43:35]} 20. Bxf8 {[%clk 0:38:18]} Kxf8 {[%clk 0:43:08]} 21. Qh4 {[%clk
0:25:57]} Ke8 {[%clk 0:39:16]} 22. Bc4 {[%clk 0:24:22]} Nd8 {[%clk 0:32:35]}
23. Nh6 {[%clk 0:08:39]} Bxc3 {[%clk 0:29:18]} 24. bxc3 {[%clk 0:08:03]} Ba6
{[%clk 0:22:31]} 25. Bxa6 {[%clk 0:06:22]} Qxa6 {[%clk 0:21:58]} 26. Qf6 {[%clk
0:06:37]} Qa5 {[%clk 0:17:44]} 27. Nf5 {[%clk 0:05:55]} Qe5 {[%clk 0:16:01]}
28. Qh6 {[%clk 0:02:21]} Kd7 {[%clk 0:12:00]} 29. Qxh7 {[%clk 0:02:33]} Kc8
{[%clk 0:04:09]} 30. Nxe7+ {[%clk 0:02:39]} Qxe7 {[%clk 0:04:34]} 31. Qf5+
{[%clk 0:02:55]} Kb7 {[%clk 0:04:27]} 32. g3 {[%clk 0:02:59]} Rc8 {[%clk
0:04:04]} 33. Rae1 {[%clk 0:03:17]} Qf8 {[%clk 0:03:49]} 34. Qf6 {[%clk
0:03:36]} Qg8 {[%clk 0:03:50]} 35. Kg2 {[%clk 0:03:36]} Qh7 {[%clk 0:02:58]}
36. Qf5 {[%clk 0:03:22]} Qg7 {[%clk 0:03:18]} 37. Re3 {[%clk 0:03:35]} Qh6
{[%clk 0:03:06]} 38. Rd3 {[%clk 0:03:15]} Kb8 {[%clk 0:02:49]} 39. g4 {[%clk
0:03:20]} Ne6 {[%clk 0:01:19]} 40. Kg3 {[%clk 0:02:03]} Nc5 {[%clk 0:00:40]}
41. Rd4 {[%clk 0:21:45]} Rf8 {[%clk 0:13:24]} 42. Rh1 {[%clk 0:07:40]} Ne6
{[%clk 0:09:37]} 43. Rd3 {[%clk 0:06:04]} Ng5 {[%clk 0:09:44]} 44. Rf1 {[%clk
0:05:58]} Re8 {[%clk 0:09:49]} 45. Re3 {[%clk 0:05:20]} Re5 {[%clk 0:08:21]}
46. Qf6 {[%clk 0:02:40]} Nxe4+ {[%clk 0:06:11]} 47. Rxe4 {[%clk 0:03:00]} Qxf6
{[%clk 0:06:38]} 48. Rxf6 {[%clk 0:03:25]} Rxe4 {[%clk 0:07:03]} 49. Rxf7
{[%clk 0:03:44]} Re3+ {[%clk 0:07:22]} 50. Rf3 {[%clk 0:03:48]} Re8 {[%clk
0:07:39]} 51. h6 {[%clk 0:04:06]} Kc8 {[%clk 0:07:10]} 52. g5 {[%clk 0:03:57]}
Kd7 {[%clk 0:07:06]} 53. g6 {[%clk 0:03:33]} 1-0

[Event "Deutsche Ländermeisterschaft 2021"]
[Site "Neumünster GER"]
[Date "2021.10.06"]
[Round "7"]
[White "Dorendorf, Mika"]
[Black "Zöllner, Bente"]
[Result "1/2-1/2"]
[Termination "normal"]
[Board "5.7"]
[WhiteElo "1528"]
[BlackElo "1596"]
[WhiteClock "01:25:52"]
[BlackClock "00:09:41"]
[WhiteTeam "Hamburg"]
[BlackTeam "Niedersachsen"]
[PlyCount "114"]
[WhiteFideId "16283066"]
[BlackFideId "16230523"]
[EventCountry "GER"]
[EventRounds "7"]
[EventType "team-swiss"]
[EventDate "2021.10.01"]

1. d4 {[%clk 1:30:59]} Nf6 {[%clk 1:30:52]} 2. c4 {[%clk 1:31:26]} c5 {[%clk
1:31:17]} 3. d5 {[%clk 1:31:53]} b5 {[%clk 1:31:39]} 4. cxb5 {[%clk 1:32:20]}
a6 {[%clk 1:32:00]} 5. bxa6 {[%clk 1:32:47]} Bxa6 {[%clk 1:32:21]} 6. Nc3
{[%clk 1:33:14]} g6 {[%clk 1:32:35]} 7. e4 {[%clk 1:33:40]} Bxf1 {[%clk
1:32:57]} 8. Kxf1 {[%clk 1:34:08]} d6 {[%clk 1:33:19]} 9. Nf3 {[%clk 1:34:17]}
Bg7 {[%clk 1:33:36]} 10. g3 {[%clk 1:34:32]} O-O {[%clk 1:33:56]} 11. Kg2
{[%clk 1:35:00]} Nbd7 {[%clk 1:34:13]} 12. Re1 {[%clk 1:35:16]} Qb6 {[%clk
1:33:19]} 13. Qc2 {[%clk 1:35:26]} Rfb8 {[%clk 1:32:51]} 14. Nd2 {[%clk
1:32:37]} Ne8 {[%clk 1:29:48]} 15. b3 {[%clk 1:30:36]} Nc7 {[%clk 1:25:54]} 16.
Bb2 {[%clk 1:30:48]} Qa6 {[%clk 1:18:59]} 17. Na4 {[%clk 1:30:13]} Bxb2 18.
Nxb2 {[%clk 1:28:20]} Nb5 {[%clk 1:13:52]} 19. Nbc4 {[%clk 1:26:04]} Nb6 {[%clk
1:12:16]} 20. Rec1 {[%clk 1:23:50]} Nxc4 {[%clk 1:07:16]} 21. Qxc4 {[%clk
1:23:41]} Nd4 {[%clk 1:05:22]} 22. Qxa6 {[%clk 1:20:32]} Rxa6 {[%clk 1:05:24]}
23. Nf3 {[%clk 1:19:08]} Rb4 {[%clk 0:58:54]} 24. Nxd4 {[%clk 1:19:00]} Rxd4
{[%clk 0:58:43]} 25. Re1 {[%clk 1:18:41]} Rb4 {[%clk 0:57:43]} 26. h4 {[%clk
1:15:16]} Ra3 {[%clk 0:55:44]} 27. f3 {[%clk 1:10:09]} Kf8 {[%clk 0:51:20]} 28.
Kf2 {[%clk 1:09:29]} Rb5 {[%clk 0:50:58]} 29. Re2 {[%clk 1:09:25]} Rbxb3 {[%clk
0:46:39]} 30. axb3 {[%clk 1:09:20]} Rxa1 {[%clk 0:47:04]} 31. Rb2 {[%clk
1:09:41]} Ra5 {[%clk 0:45:45]} 32. Ke3 {[%clk 1:09:52]} Rb5 {[%clk 0:45:05]}
33. Kd3 {[%clk 1:10:05]} e6 {[%clk 0:35:54]} 34. b4 {[%clk 1:06:09]} exd5
{[%clk 0:34:43]} 35. exd5 {[%clk 1:06:21]} cxb4 {[%clk 0:34:17]} 36. Kc4 {[%clk
1:06:43]} Rc5+ {[%clk 0:34:24]} 37. Kxb4 {[%clk 1:01:07]} Rxd5 {[%clk 0:34:25]}
38. Kc4 {[%clk 1:01:22]} Re5 {[%clk 0:32:32]} 39. Kd4 {[%clk 1:00:11]} Ke7
{[%clk 0:31:48]} 40. Rb7+ {[%clk 1:00:16]} Ke6 {[%clk 0:31:19]} 41. Rb2 {[%clk
0:57:01]} h6 {[%clk 0:28:32]} 42. g4 {[%clk 0:56:31]} f5 {[%clk 0:22:58]} 43.
Ra2 {[%clk 0:55:45]} f4 {[%clk 0:19:32]} 44. Ra8 {[%clk 0:54:58]} Kf7 {[%clk
0:11:37]} 45. Ra6 {[%clk 0:54:25]} Re3 {[%clk 0:29:29]} 46. Rxd6 {[%clk
1:24:37]} Rxf3 {[%clk 0:29:42]} 47. Ke5 {[%clk 1:24:46]} Rh3 {[%clk 0:22:13]}
48. h5 {[%clk 1:24:28]} gxh5 {[%clk 0:21:13]} 49. gxh5 {[%clk 1:24:46]} f3
{[%clk 0:18:21]} 50. Rf6+ {[%clk 1:24:16]} Kg7 {[%clk 0:18:25]} 51. Rf4 {[%clk
1:24:33]} Rxh5+ {[%clk 0:16:07]} 52. Ke4 {[%clk 1:24:25]} f2 {[%clk 0:13:45]}
53. Rxf2 {[%clk 1:24:48]} Rg5 {[%clk 0:14:09]} 54. Kf3 {[%clk 1:25:06]} Kf6
{[%clk 0:14:07]} 55. Rg2 {[%clk 1:25:32]} Ra5 {[%clk 0:09:50]} 56. Kg3 {[%clk
1:25:43]} Rg5+ {[%clk 0:09:20]} 57. Kh3 {[%clk 1:25:52]} Rxg2 {[%clk 0:09:41]}
1/2-1/2

[Event "Deutsche Ländermeisterschaft 2021"]
[Site "Neumünster GER"]
[Date "2021.10.06"]
[Round "7"]
[White "Oellrich, Emma"]
[Black "Stas, Antonia"]
[Result "1-0"]
[Termination "normal"]
[Board "5.8"]
[WhiteElo "1487"]
[BlackElo "1294"]
[WhiteClock "01:01:59"]
[BlackClock "00:47:08"]
[WhiteTeam "Niedersachsen"]
[BlackTeam "Hamburg"]
[PlyCount "67"]
[WhiteFideId "16268806"]
[BlackFideId "16217403"]
[EventCountry "GER"]
[EventRounds "7"]
[EventType "team-swiss"]
[EventDate "2021.10.01"]

1. d4 {[%clk 1:30:57]} d5 {[%clk 1:30:49]} 2. Bf4 {[%clk 1:31:23]} Nf6 {[%clk
1:30:55]} 3. e3 {[%clk 1:31:46]} e6 {[%clk 1:29:44]} 4. Nd2 {[%clk 1:31:55]}
Bd6 {[%clk 1:29:21]} 5. Bg3 {[%clk 1:31:30]} Nbd7 {[%clk 1:29:10]} 6. Bxd6
{[%clk 1:31:38]} cxd6 {[%clk 1:29:33]} 7. Ngf3 {[%clk 1:31:52]} O-O {[%clk
1:29:07]} 8. Bd3 {[%clk 1:32:00]} a6 {[%clk 1:25:48]} 9. O-O {[%clk 1:31:54]}
e5 {[%clk 1:24:38]} 10. dxe5 {[%clk 1:29:35]} dxe5 {[%clk 1:24:57]} 11. e4
{[%clk 1:29:52]} Re8 {[%clk 1:20:16]} 12. exd5 {[%clk 1:23:29]} e4 {[%clk
1:20:07]} 13. Bxe4 {[%clk 1:15:39]} Nxe4 {[%clk 1:20:04]} 14. c4 {[%clk
1:15:12]} Ndf6 {[%clk 1:18:18]} 15. Nxe4 {[%clk 1:14:53]} Nxe4 {[%clk 1:18:20]}
16. b4 {[%clk 1:15:00]} Qc7 {[%clk 1:12:57]} 17. Rc1 {[%clk 1:15:03]} a5 {[%clk
1:08:34]} 18. b5 {[%clk 1:13:04]} Bg4 {[%clk 1:06:38]} 19. Rc2 {[%clk 1:10:23]}
Bh5 {[%clk 1:02:22]} 20. h4 {[%clk 1:08:25]} Nd6 {[%clk 0:57:35]} 21. b6 {[%clk
1:04:12]} Qc5 {[%clk 0:55:27]} 22. Qd4 {[%clk 1:01:20]} Qxd4 23. Nxd4 {[%clk
1:01:42]} Re4 {[%clk 0:53:14]} 24. c5 {[%clk 1:00:44]} Rxd4 {[%clk 0:53:14]}
25. cxd6 {[%clk 1:00:24]} Rxd5 {[%clk 0:53:35]} 26. Rc7 {[%clk 1:00:25]} Rxd6
{[%clk 0:52:43]} 27. Rxb7 {[%clk 1:00:46]} Be2 {[%clk 0:52:32]} 28. Ra7 {[%clk
1:00:13]} Rxa7 {[%clk 0:49:57]} 29. bxa7 {[%clk 1:00:33]} Ra6 {[%clk 0:49:08]}
30. Rb1 {[%clk 1:00:53]} f5 {[%clk 0:46:38]} 31. Rb8+ {[%clk 1:01:12]} Kf7
{[%clk 0:46:51]} 32. a8=Q {[%clk 1:01:33]} Rxa8 {[%clk 0:47:08]} 33. Rxa8
{[%clk 1:01:59]} Ke6 34. Rxa5 1-0